MARC details
| 000 -CABECERA |
| campo de control de longitud fija |
01750nam a22004937a 4500 |
| 001 - NÚMERO DE CONTROL |
| campo de control |
000095518 |
| 003 - IDENTIFICADOR DEL NÚMERO DE CONTROL |
| campo de control |
CHAP |
| 005 - FECHA Y HORA DE LA ÚLTIMA TRANSACCIÓN |
| campo de control |
20220329143113.0 |
| 008 - DATOS DE LONGITUD FIJA--INFORMACIÓN GENERAL |
| campo de control de longitud fija |
060331d2005 mx r 00110 spa d |
| 010 ## - NÚMERO DE CONTROL DE LA BIBLIOTECA DEL CONGRESO |
| Número de control de LC |
91984 |
| 011 ## - ENLACE DEL NUMERO DE CONTROL DE LA BIBLIOTECA DEL CONGRESO [OBSOLETO] |
| Número de control de LC |
92956 |
| 035 ## - NÚMERO DE CONTROL DEL SISTEMA |
| Número de control de sistema |
103523 |
| 040 ## - FUENTE DE LA CATALOGACIÓN |
| Centro/agencia transcriptor |
CHAP |
| 090 ## - LOCALMENTE ASIGNADO TIPO-LC NÚMERO DE CLASIFICACIÓN (OCLC); NÚMERO DE CLASIFICACIÓN LOCAL (RLIN) |
| Número de clasificación (OCLC) (R) ; Numero de clasificación, CALL (RLIN) (NR) |
Tesis |
| 100 1# - ENTRADA PRINCIPAL--NOMBRE DE PERSONA |
| Nombre de persona |
Cabrera Meza, Janet. |
| 9 (RLIN) |
16685 |
| 245 10 - MENCIÓN DE TÍTULO |
| Título |
Dinámica poblacional de bacterias en el proceso de composteo / |
| Mención de responsabilidad, etc. |
/por Janet Cabrera Mez y Violeta Carrasco Hernández. |
| 260 ## - PUBLICACIÓN, DISTRIBUCIÓN, ETC. |
| Lugar de publicación, distribución, etc. |
Chapingo, Méx. : |
| Nombre del editor, distribuidor, etc. |
El autor, |
| Fecha de publicación, distribución, etc. |
2005. |
| 300 ## - DESCRIPCIÓN FÍSICA |
| Extensión |
165 h. |
| 502 ## - NOTA DE TESIS |
| Nota de tesis |
Tesis (Ing. Agroindustrial) - - UACH. Departamento de Ingeniería Agroindustrial |
| 590 ## - NOTA LOCAL (RLIN) |
| Nota local |
ALEPH |
| Procedencia (VM) [OBSOLETO] |
10 |
| Condición del los carretes individuales (VM) [OBSOLETO] |
20130110 |
| -- |
UCH01 |
| -- |
1511 |
| 590 ## - NOTA LOCAL (RLIN) |
| Nota local |
BATCH-UPD |
| Procedencia (VM) [OBSOLETO] |
10 |
| Condición del los carretes individuales (VM) [OBSOLETO] |
20130110 |
| -- |
UCH01 |
| -- |
0830 |
| 590 ## - NOTA LOCAL (RLIN) |
| Nota local |
BATCH-UPD |
| Procedencia (VM) [OBSOLETO] |
10 |
| Condición del los carretes individuales (VM) [OBSOLETO] |
20130410 |
| -- |
UCH01 |
| -- |
0507 |
| 590 ## - NOTA LOCAL (RLIN) |
| Nota local |
BATCH-UPD |
| Procedencia (VM) [OBSOLETO] |
10 |
| Condición del los carretes individuales (VM) [OBSOLETO] |
20130914 |
| -- |
UCH01 |
| -- |
0516 |
| 590 ## - NOTA LOCAL (RLIN) |
| Nota local |
BATCH-UPD |
| Procedencia (VM) [OBSOLETO] |
10 |
| Condición del los carretes individuales (VM) [OBSOLETO] |
20130914 |
| -- |
UCH01 |
| -- |
2136 |
| 590 ## - NOTA LOCAL (RLIN) |
| Nota local |
BATCH-UPD |
| Procedencia (VM) [OBSOLETO] |
10 |
| Condición del los carretes individuales (VM) [OBSOLETO] |
20140324 |
| -- |
UCH01 |
| -- |
1455 |
| 590 ## - NOTA LOCAL (RLIN) |
| Nota local |
BATCH-UPD |
| Procedencia (VM) [OBSOLETO] |
10 |
| Condición del los carretes individuales (VM) [OBSOLETO] |
20141002 |
| -- |
UCH01 |
| -- |
0829 |
| 590 ## - NOTA LOCAL (RLIN) |
| Nota local |
BATCH |
| Procedencia (VM) [OBSOLETO] |
00 |
| Condición del los carretes individuales (VM) [OBSOLETO] |
20181121 |
| -- |
UCH01 |
| -- |
0759 |
| 590 ## - NOTA LOCAL (RLIN) |
| Nota local |
CONVERSION |
| Procedencia (VM) [OBSOLETO] |
10 |
| Condición del los carretes individuales (VM) [OBSOLETO] |
20130109 |
| -- |
UCH01 |
| -- |
1351 |
| 590 ## - NOTA LOCAL (RLIN) |
| Nota local |
E11695DGD |
| Procedencia (VM) [OBSOLETO] |
10 |
| Condición del los carretes individuales (VM) [OBSOLETO] |
20130530 |
| -- |
UCH01 |
| -- |
1434 |
| 650 14 - PUNTO DE ACCESO ADICIONAL DE MATERIA--TÉRMINO DE MATERIA |
| Término de materia o nombre geográfico como elemento de entrada |
Bacterias |
| Subdivisión general |
Identificación. |
| 9 (RLIN) |
9320 |
| 650 14 - PUNTO DE ACCESO ADICIONAL DE MATERIA--TÉRMINO DE MATERIA |
| Término de materia o nombre geográfico como elemento de entrada |
Compost. |
| 9 (RLIN) |
26105 |
| 650 14 - PUNTO DE ACCESO ADICIONAL DE MATERIA--TÉRMINO DE MATERIA |
| Término de materia o nombre geográfico como elemento de entrada |
Residuos orgánicos. |
| 9 (RLIN) |
96116 |
| 650 14 - PUNTO DE ACCESO ADICIONAL DE MATERIA--TÉRMINO DE MATERIA |
| Término de materia o nombre geográfico como elemento de entrada |
Salmonella. |
| 9 (RLIN) |
101764 |
| 650 14 - PUNTO DE ACCESO ADICIONAL DE MATERIA--TÉRMINO DE MATERIA |
| Término de materia o nombre geográfico como elemento de entrada |
Staphylococcus aureus. |
| 9 (RLIN) |
109472 |
| 700 1# - PUNTO DE ACCESO ADICIONAL--NOMBRE DE PERSONA |
| Nombre de persona |
Carrasco Hernández, Violeta. |
| 9 (RLIN) |
19348 |
| 856 ## - LOCALIZACIÓN Y ACCESO ELECTRÓNICOS |
| Especificación de materiales |
Finding aid |
| Identificador Uniforme del Recurso |
<a href="http://10.13.5.2/tesis/103523.pdf">http://10.13.5.2/tesis/103523.pdf</a> |
| Nota pública |
Teclea aquí |
| 856 ## - LOCALIZACIÓN Y ACCESO ELECTRÓNICOS |
| Nombre del host |
1 |
| Nombre de la localización del host |
0001112 |
| 901 ## - ELEMENTOS DE DATOS A LOCAL LDA (RLIN) |
| a |
BK |
| 905 ## - ELEMENTOS DE DATOS E LOCAL, LDE (RLIN) |
| a |
Lilia |
| 942 ## - ELEMENTOS DE PUNTO DE ACCESO ADICIONAL (KOHA) |
| Tipo de ítem Koha |
CD |
| 942 ## - ELEMENTOS DE PUNTO DE ACCESO ADICIONAL (KOHA) |
| Suprimir en OPAC |
0 |
| 949 ## - PROCESAMIENTO DE INFORMACIÓN LOCAL (OCLC) |
| a |
Tesis |
| b |
BC |
| c |
TES |
| d |
00000001035231 |
| e |
TS1 |
| h |
45033 |
| i |
103523 |
| s |
b |
| 949 ## - PROCESAMIENTO DE INFORMACIÓN LOCAL (OCLC) |
| a |
Tesis |
| b |
BC |
| c |
TES |
| d |
33724000984050 |
| e |
TS2 |
| f |
c.2 |
| h |
45034 |
| i |
103523 |
| s |
i |